| 000 | 00406nam a2200157Ia 4500 | ||
|---|---|---|---|
| 008 | 210716s1980 xx 000 0 und d | ||
| 020 | _a0253172977 | ||
| 041 | _aeng | ||
| 082 | _a374.22 HSUK | ||
| 100 | _aHsu, Kai Yu. | ||
| 245 | _aLiterature of the peoples republic of china. | ||
| 250 | _a1 | ||
| 260 |
_aLondon _bIndiana University Press _c1980 |
||
| 300 | _axiv,976 | ||
| 650 | _aGeneral Knowledge | ||
| 999 |
_c201307 _d201307 |
||